Czy rozpoznasz jaki to piłkarz? - Statystyki

Ogólne statystyki
  • Ten quiz został rozwiązany 812 razy
  • Średni wynik to 7 z 15
Statystyki odpowiedzi
Podpowiedzi Odpowiedzi % Poprawnych
Bohater rzutów karnych w finale Ligi Mistrzów w sezonie 2004/2005. Jerzy Dudek
90%
Pomocnik Manchesteru City, gdzie trafił w 2015 roku. Odrzucił go José Mourinho a obecnie jest wart ponad 150 mln €. Kevin De Bruyne
65%
Piłkarz znany z wymyślnych cieszynek i fryzur. Paul Pogba
63%
MVP Mistrzostw Świata w Rosji. Luka Modric
59%
Francuska legenda, do nie dawna trener AS Monaco. Thierry Henry
59%
Bramkarz znany ze swoich kuriozalnych wpadek. Loris Karius
53%
Przez lata uważany za najlepszego bramkarza świata. W przyszłości ma zająć miejsce Karla-Heinza Rummeniggego w Bayernie Monahium. Oliver Kahn
45%
Piłkarz roku Premier League. Virgil Van Dijk
45%
Człowiek 90 minuta. Sergio Ramos
44%
Francuski piłkarz występujący na pozycji pomocnika we francuskim klubie Paris Saint-Germain. Jego agentką była jego mama. Adrien Rabiot
43%
Bośniacki lewy obrońca, który w 2017 zmienił niemieckie Schalke na klub z Londynu. Sead Kolasinac
41%
Przez 7 lat prawy obrońca Arsenalu. Obecnie na sportowej emeryturze w Montreal Impact. Bacary Sagna
31%
Powstał o nim film na Netflixie. Antoine Griezmann
24%
Młody obrońca w hiszpańskim klubie Valencia CF. Jego nazwisko to jedna z pór roku. Toni Lato
22%
Zdobywca złotej piki w roku 2001. Michal Owen
8%
Nie znaleziono quizów pasujących do podanych kryteriów
Rozkład punktacji
Procent ludzi z każdym wynikiem
Percentyl według liczby udzielonych odpowiedzi
Twoja historia wyników
Nie rozwiązałeś tego quizu